Australian economic papers
Guardado en:
| Formato: | Seriadas |
|---|---|
| Lenguaje: | inglés |
| Publicado: |
Adelaide
University of Adelaide
|
| Etiquetas: |
Sin Etiquetas, Sea el primero en etiquetar este registro!
|
MARC
| LEADER | 00000nas1a22000001 4500 | ||
|---|---|---|---|
| 001 | s120418 | ||
| 005 | 20230405090345.7 | ||
| 041 | 0 | |a eng | |
| 044 | |a AU | ||
| 245 | 1 | 0 | |a Australian economic papers |
| 264 | 1 | |a Adelaide |b University of Adelaide | |